[Event "17. Int. Boeblinger Open"]
[Site "Boeblingen"]
[Date "2000.12.26"]
[Round "1"]
[White "Aidam, Guenther"]
[Black "Zeller, Frank"]
[Result "0-1"]
[WhiteElo "1890"]
[BlackElo "2434"]
[PlyCount "82"]
[EventDate "2000.12.26"]

1. e4 c5 2. Nf3 d6 3. d4 cxd4 4. Nxd4 Nf6 5. Nc3 a6 6. Bg5 Nc6 7. Be2 e6 8. O-O
Be7 9. Kh1 Qb6 10. Nb3 Qc7 11. f4 h6 12. Bxf6 Bxf6 13. Qd2 O-O 14. Rad1 Rd8 15.
Rf3 b5 16. f5 b4 17. Na4 exf5 18. exf5 Ne5 19. Rg3 Bh4 20. Rh3 Bg5 21. Qxb4 Rb8
22. Qd4 Qxc2 23. Bh5 Bxf5 24. Rc3 Qe4 25. Qf2 Qxa4 26. Qxf5 g6 27. Bxg6 Nxg6
28. Rf1 Qd7 29. Qf2 Re8 30. Rg3 Rb4 31. Rd3 Rf4 32. Rf3 Rxf3 33. Qxf3 Ne5 34.
Qe4 Ng4 35. Qd3 Be3 36. Qxa6 Nf2+ 37. Kg1 Qg4 38. Qb5 Re5 39. Qb8+ Kg7 40. Qa8
Ne4+ 41. Kh1 Ng3+ 0-1

[Event "17. Int. Boeblinger Open"]
[Site "Boeblingen"]
[Date "2000.12.26"]
[Round "1"]
[White "Atalik, Suat"]
[Black "Jaeger, Hans"]
[Result "1-0"]
[WhiteElo "2552"]
[BlackElo "1911"]
[PlyCount "39"]
[EventDate "2000.12.26"]

1. d4 d5 2. c4 c6 3. e3 Nf6 4. Nc3 Nbd7 5. cxd5 cxd5 6. f4 e6 7. Bd3 a6 8. a4
Bb4 9. Nf3 Ne4 10. O-O Nxc3 11. bxc3 Bxc3 12. Rb1 O-O 13. Qc2 Ba5 14. Bxh7+ Kh8
15. Ba3 g6 16. Ng5 Nf6 17. Bxg6 fxg6 18. Qxg6 Qe8 19. Qh6+ Kg8 20. Rf3 1-0

[Event "17. Int. Boeblinger Open"]
[Site "Boeblingen"]
[Date "2000.12.26"]
[Round "1"]
[White "Becking, Michael"]
[Black "Florea, Dan"]
[Result "0-1"]
[WhiteElo "1855"]
[BlackElo "2298"]
[PlyCount "56"]
[EventDate "2000.12.26"]

1. d4 e6 2. Nf3 Nf6 3. Bg5 c5 4. c3 Be7 5. e3 b6 6. Nbd2 Bb7 7. Bd3 cxd4 8.
exd4 Nd5 9. Bxe7 Qxe7 10. Be4 f5 11. Bxd5 Bxd5 12. h4 O-O 13. Qe2 Nc6 14. Nc4
b5 15. Ne3 Bxf3 16. Qxf3 b4 17. Nc2 bxc3 18. bxc3 Rab8 19. h5 Rb2 20. Qe2 Qg5
21. O-O f4 22. f3 Qxh5 23. Rfb1 Rfb8 24. Rxb2 Rxb2 25. Qd3 Qa5 26. a4 Rb3 27.
Ra3 Rb1+ 28. Kf2 Qg5 0-1

[Event "17. Int. Boeblinger Open"]
[Site "Boeblingen"]
[Date "2000.12.26"]
[Round "1"]
[White "Braig, Elmar"]
[Black "Delemarre, Jop"]
[Result "0-1"]
[WhiteElo "1865"]
[BlackElo "2347"]
[PlyCount "50"]
[EventDate "2000.12.26"]

1. d4 Nf6 2. Nf3 g6 3. c4 Bg7 4. Nc3 d5 5. cxd5 Nxd5 6. e4 Nxc3 7. bxc3 O-O 8.
Rb1 c5 9. Be3 Nc6 10. h3 cxd4 11. cxd4 Qa5+ 12. Qd2 Qxd2+ 13. Kxd2 Rd8 14. d5
e6 15. Rb5 a6 16. Rc5 exd5 17. exd5 Bf8 18. Rc1 Rxd5+ 19. Ke1 Bb4+ 20. Bd2 Bf5
21. Bxb4 Re8+ 22. Be2 Bd3 23. Ng1 Nxb4 24. Kf1 Nxa2 25. Re1 Rde5 0-1

[Event "17. Int. Boeblinger Open"]
[Site "Boeblingen"]
[Date "2000.12.26"]
[Round "1"]
[White "Buchele, Sidonia"]
[Black "Jobava, Baadur"]
[Result "1/2-1/2"]
[WhiteElo "1904"]
[BlackElo "2503"]
[Annotator "Zeller"]
[PlyCount "87"]
[EventDate "2000.12.26"]

{Die Sensationspartie der ersten Runde: Sidonia Buchele, ein bekannter
Farbtupfer im grauen Wuerttembergischen Turniereinerlei, bringt den
hochgehandelten Jungmeister an den Rand der Niederlage.  } 1. e4 c5 2. Nf3 d6
3. d4 Nf6 4. Nc3 cxd4 5. Nxd4 a6 6. Be2 Nbd7 7. f4 e5 8. Nf5 $5 {
Als besser gilt hier 8.fe de 9.Sf5.
} 8... Nc5 9. O-O $5 {Ein mutiges Opfer,
wenngleich nicht ganz wasserdicht, und ein treffsicheres Indiz dafuer, dass
die Ammenmaer vom betulichen Frauenschach jeglicher Grundlage entbehrt.} (9.
fxe5 Nfxe4) 9... Nfxe4 10. fxe5 $6 (10. Nxe4 Nxe4 11. fxe5 dxe5 12. Qxd8+ Kxd8
13. Be3 $15) 10... Nxc3 11. bxc3 dxe5 12. Qe1 g6 $2 {#  Nach 12. ...Dc7 oder
einfach ...Lf5: haette Weiss nur duerftige Kompensation gehabt.   } 13. Bc4 $1
({Interessant war} 13. Bxa6 $1 Rxa6 14. Qxe5+ Be6 15. Qxh8 Bxf5 16. Bh6 Ne6 {
mit unausgegorener Stellung}) 13... f6 14. Nh6 Be6 15. Bxe6 Nxe6 16. Ng4 Bg7 $6
(16... Be7 17. Bh6 (17. Nxe5 fxe5 18. Qxe5 Qb6+ 19. Be3 Qxe3+ $1 $19)) (16...
Bc5+ 17. Kh1 O-O 18. Bh6 {ist auch nicht pflegeleicht fuer Schwarz.}) 17. Ba3
h5 {#  Kaum gut, aber die Lage ist bereits prekaer.
} 18. Rd1 (18. Nxf6+ $3
Bxf6 19. Rd1 Qb6+ 20. Kh1 {
haette Schwarz schwerwiegende Probleme gestellt, z.B.} 20... Be7 (20... Nf8 21.
Rd6 $18) 21. Qxe5 $18) 18... Qb6+ 19. Kh1 hxg4 20. Rd6 Qa5 (20... Qxd6 $5 21.
Bxd6 Rd8 22. Bb4 f5 {ist durchaus spielbar, aber Schwarz ist trotz seiner
extremen Zeitnot noch zuversichtlich, den Ansturm abwehren zu koennen.}) 21.
Rxe6+ Kf7 22. Bb4 Qxa2 23. Rxe5 (23. Re7+ Kg8 24. Qe4 $1 {
war strenger - Schwarz kann die Verbindung der Tuerme nicht herstellen.}) 23...
Rhe8 $1 24. Re7+ Rxe7 25. Qxe7+ Kg8 26. Qxb7 Re8 {#  Der Pulverdampf hat sich
etwas gelichtet. Schwarz hat einen minimalen Vorteil gerettet, aber seine Zeit.
..  } 27. Qd7 Re4 28. Qc8+ Kh7 29. Bf8 Rf4 (29... Qc4 $1 {
war auch im Hinblick auf die Uhr ein pragmatischer Kunstgriff.}) 30. Re1 {
Hier liess er seine Uhr auf unter zwei Minuten ablaufen und jeder erwartete ...
Te4 mit Remisgedanken. Stattdessen:  } 30... Bxf8 $2 {#} 31. Qxf8 ({
Hier konnte Sidonia mit} 31. Qc7+ {die Gelegenheit am Schopfe packen!}) 31...
Qe6 32. Rb1 Qe4 33. Rd1 Qf5 {
#  Die Partie ist im Gleichgewicht, aber jeder Zug balanciert am Abgrund...}
34. Qe7+ Kh6 35. Qe3 Kh5 36. Qd3 a5 {Noch mochte man glauben, dass der Favorit
mit dem a-Bauern letztlich das Rennen macht, doch die Weisse bleibt findig:  }
37. c4 $5 a4 38. Qe2 $5 {Drohung Td5!
} 38... Rf2 39. Qe1 g5 $2 {Tribut an die
Zeit. Mit ...Dc2 konnte der Youngster noch ein Weilchen am Punkt "arbeiten".}
40. Qe8+ Kh6 41. Qf8+ Kh5 42. Qh8+ Kg6 43. Qg8+ Kh6 44. Qf8+ {Remis. Ein
ertiger, niveauvoller Kampf, in dem von 600 DWZ-Punkten Differenz nichts zu
spueren war.} 1/2-1/2

[Event "17. Int. Boeblinger Open"]
[Site "Boeblingen"]
[Date "2000.12.26"]
[Round "1"]
[White "Dunsbach, Ralf"]
[Black "Schnepel, Thomas"]
[Result "1-0"]
[WhiteElo "2330"]
[BlackElo "1862"]
[PlyCount "41"]
[EventDate "2000.12.26"]

1. Nf3 d5 2. g3 Nf6 3. Bg2 c6 4. O-O Bg4 5. b3 Nbd7 6. Bb2 Qc7 7. c4 dxc4 8.
bxc4 Bxf3 9. Bxf3 Ne5 10. Bxe5 Qxe5 11. d4 Qg5 12. Qb3 Rb8 13. Bxc6+ Nd7 14.
Bxd7+ Kxd7 15. Qa4+ Kc7 16. Nc3 e6 17. Nb5+ Kd8 18. Qa5+ b6 19. Qxa7 Rc8 20.
Qxb6+ Ke7 21. Qb7+ 1-0

[Event "17. Int. Boeblinger Open"]
[Site "Boeblingen"]
[Date "2000.12.26"]
[Round "1"]
[White "Duppel, Matthias"]
[Black "Sakkal, Cherin"]
[Result "1-0"]
[WhiteElo "2390"]
[BlackElo "1882"]
[PlyCount "45"]
[EventDate "2000.12.26"]

1. d4 d5 2. c4 e6 3. Nc3 Nf6 4. cxd5 exd5 5. Bg5 Be7 6. e3 Nbd7 7. Bd3 c6 8.
Qc2 O-O 9. Nf3 Re8 10. O-O Nf8 11. h3 Ng6 12. Bxf6 Bxf6 13. b4 Be6 14. Na4 Rc8
15. Rfc1 Kh8 16. Nc5 b6 17. Nxe6 Rxe6 18. Bf5 Nh4 19. Nxh4 Bxh4 20. Bxe6 fxe6
21. Qe2 Qd6 22. Rab1 Rf8 23. f4 1-0

[Event "17. Int. Boeblinger Open"]
[Site "Boeblingen"]
[Date "2000.12.26"]
[Round "1"]
[White "Fischer, Stefan"]
[Black "Gheng, Josef"]
[Result "0-1"]
[WhiteElo "1857"]
[BlackElo "2321"]
[PlyCount "104"]
[EventDate "2000.12.26"]

1. e4 c5 2. Nf3 d6 3. d4 cxd4 4. Nxd4 Nf6 5. Nc3 g6 6. Be3 Bg7 7. f3 O-O 8. Qd2
Nc6 9. Bc4 Bd7 10. O-O-O Rc8 11. Bb3 Ne5 12. h4 h5 13. Bh6 Bxh6 14. Qxh6 Rxc3
15. bxc3 Qa5 16. Qe3 Rc8 17. Kd2 Kg7 18. Ke2 Rxc3 19. Qd2 Qc5 20. Kf2 Neg4+ 21.
Kg1 Ne3 22. Re1 Nxc2 23. Bxc2 e5 24. Bb3 exd4 25. Rd1 d3+ 26. Qf2 a5 27. Qxc5
dxc5 28. e5 Ne8 29. Rd2 c4 30. Bd1 b5 31. Kh2 Nc7 32. Re1 Ne6 33. Re3 Bc6 34.
g3 a4 35. g4 hxg4 36. fxg4 b4 37. Kg3 b3 38. axb3 axb3 39. Rb2 Rc1 40. Bxb3
Rg1+ 41. Kh2 Rxg4 42. Bd1 Rxh4+ 43. Kg3 c3 44. Rb6 c2 45. Bxc2 dxc2 46. Rxc6
Rh5 47. Re4 Rg5+ 48. Kf2 Rf5+ 49. Ke3 Ng5 50. Rec4 Rxe5+ 51. Kf4 Rf5+ 52. Kg4
Nf3 0-1

[Event "17. Int. Boeblinger Open"]
[Site "Boeblingen"]
[Date "2000.12.26"]
[Round "1"]
[White "Fussnecker, Manfred"]
[Black "Doettling, Fabian"]
[Result "0-1"]
[WhiteElo "1897"]
[BlackElo "2475"]
[PlyCount "86"]
[EventDate "2000.12.26"]

1. e4 c6 2. d4 d5 3. e5 Bf5 4. Nc3 Qb6 5. g4 Bd7 6. Na4 Qc7 7. Bd3 e6 8. f4 h5
9. f5 hxg4 10. Qxg4 exf5 11. Bxf5 Ne7 12. Bxd7+ Qxd7 13. Qxd7+ Nxd7 14. Nf3 Nf5
15. Bg5 Rh3 16. Rf1 Rxf3 17. Rxf3 Nxd4 18. Rf2 Nxe5 19. O-O-O Ne6 20. Bh4 f6
21. b3 b5 22. Nb2 Bc5 23. Rg2 Kf7 24. Bg3 g5 25. Nd3 Be3+ 26. Kb1 Nxd3 27. cxd3
f5 28. Be5 d4 29. b4 Kg6 30. Kc2 f4 31. Rf1 Kf5 32. Bd6 Rd8 33. Bc5 Nxc5 34.
bxc5 Rd5 35. Kd1 Rxc5 36. Rc2 Rc3 37. Rxc3 dxc3 38. h3 b4 39. Kc2 c5 40. Kb3 a5
41. Kc2 a4 42. Rb1 f3 43. Rf1 f2 0-1

[Event "17. Int. Boeblinger Open"]
[Site "Boeblingen"]
[Date "2000.12.26"]
[Round "1"]
[White "Hammer, Klaus"]
[Black "Schneider, Heiko"]
[Result "0-1"]
[WhiteElo "1842"]
[BlackElo "2277"]
[PlyCount "58"]
[EventDate "2000.12.26"]

1. d4 f5 2. Bg5 c5 3. c3 Qb6 4. Qc1 Nc6 5. dxc5 Qxc5 6. Nd2 e5 7. e4 f4 8. Bh4
Be7 9. Bxe7 Ncxe7 10. Ngf3 Nf6 11. Bd3 d6 12. O-O Be6 13. a4 h6 14. Bc2 Qc7 15.
Re1 g5 16. Nf1 g4 17. Nh4 O-O-O 18. Ra3 Kb8 19. Bb3 Bd7 20. Nd2 Bc6 21. c4 Qb6
22. a5 Qc5 23. Ba2 g3 24. hxg3 Ng4 25. Re2 a6 26. gxf4 exf4 27. Qc3 Rhg8 28.
Qf3 Rdf8 29. Rd3 Ne5 0-1

[Event "17. Int. Boeblinger Open"]
[Site "Boeblingen"]
[Date "2000.12.26"]
[Round "1"]
[White "Haub, Thorsten-Michael"]
[Black "Ackermann, Peter"]
[Result "1-0"]
[WhiteElo "2370"]
[BlackElo "1875"]
[PlyCount "45"]
[EventDate "2000.12.26"]

1. Nf3 Nf6 2. g3 c6 3. c4 d5 4. Qc2 g6 5. b3 Bg7 6. Bb2 O-O 7. Bg2 Bf5 8. d3
dxc4 9. bxc4 Na6 10. O-O Qc8 11. Re1 Rd8 12. Nc3 Bh3 13. Bh1 Qf5 14. Ba3 Rd7
15. Rab1 Ng4 16. Ne4 h6 17. e3 Rad8 18. d4 e5 19. d5 cxd5 20. cxd5 Rxd5 21.
Rxb7 Nxf2 22. Qxf2 Qxe4 23. Nh4 1-0

[Event "17. Int. Boeblinger Open"]
[Site "Boeblingen"]
[Date "2000.12.26"]
[Round "1"]
[White "Hellmayr, Alois"]
[Black "Pielawa, Martin"]
[Result "1-0"]
[WhiteElo "2263"]
[BlackElo "1826"]
[PlyCount "77"]
[EventDate "2000.12.26"]

1. c4 Nf6 2. Nc3 d5 3. cxd5 Nxd5 4. g3 g6 5. Bg2 Nxc3 6. bxc3 Bg7 7. h4 h5 8.
Nh3 c5 9. Ng5 Qc7 10. O-O O-O 11. Rb1 Nc6 12. c4 Bf5 13. d3 Rad8 14. Bf4 e5 15.
Be3 b6 16. Qd2 Nd4 17. Ne4 Be6 18. Nc3 Nf5 19. Nd5 Qd6 20. Qc1 Ne7 21. Nc3 Qd7
22. Kh2 Kh7 23. Ne4 Bf5 24. Bg5 f6 25. Be3 Be6 26. Bxc5 bxc5 27. Nxc5 Qd6 28.
Nb7 Bh6 29. Nxd6 Bxc1 30. Rb7 Ba3 31. Rxe7+ Kg8 32. Rxe6 Bxd6 33. Rb1 Rd7 34.
Bc6 Rdd8 35. Rb7 Rf7 36. Rb5 Rc7 37. Be8 Kg7 38. Rd5 Be7 39. Rxe7+ 1-0

[Event "17. Int. Boeblinger Open"]
[Site "Boeblingen"]
[Date "2000.12.26"]
[Round "1"]
[White "Kekelidze, Mikheil"]
[Black "Recker, Uwe"]
[Result "1-0"]
[WhiteElo "2512"]
[BlackElo "1906"]
[PlyCount "41"]
[EventDate "2000.12.26"]

1. e4 c6 2. d4 d6 3. Nc3 Nf6 4. f4 Na6 5. Nf3 Qc7 6. e5 Nd5 7. Ne4 Nb6 8. c3 d5
9. Ng3 c5 10. Bd3 e6 11. O-O g6 12. Be3 Bd7 13. Kh1 Nc4 14. Bxc4 dxc4 15. Ne4
Be7 16. dxc5 Nxc5 17. Nd6+ Kf8 18. Bxc5 Qxc5 19. Nxf7 Bc6 20. Nxh8 Rd8 21. Nd4
1-0

[Event "17. Int. Boeblinger Open"]
[Site "Boeblingen"]
[Date "2000.12.26"]
[Round "1"]
[White "Klovans, Janis"]
[Black "Bogner, Norbert"]
[Result "1-0"]
[WhiteElo "2466"]
[BlackElo "1897"]
[PlyCount "65"]
[EventDate "2000.12.26"]

1. e4 c5 2. Nf3 Nc6 3. d4 cxd4 4. Nxd4 Nf6 5. Nc3 e5 6. Ndb5 d6 7. Bg5 a6 8.
Na3 b5 9. Bxf6 gxf6 10. Nd5 Bg7 11. Bd3 O-O 12. c3 Be6 13. Qf3 Kh8 14. Nc2 Rg8
15. Nce3 Rc8 16. O-O Nb8 17. a4 Bd7 18. axb5 axb5 19. Ra7 Nc6 20. Rxd7 Qxd7 21.
Nxf6 Qb7 22. Qf5 Bxf6 23. Qxf6+ Rg7 24. Nf5 Rcg8 25. Nxg7 Rxg7 26. Qxd6 Qc8 27.
g3 Rg6 28. Qc5 h5 29. Bxb5 h4 30. Bxc6 Qh3 31. Qf8+ Kh7 32. Qxf7+ Kh6 33. Bd7
1-0

[Event "17. Int. Boeblinger Open"]
[Site "Boeblingen"]
[Date "2000.12.26"]
[Round "1"]
[White "Kuebler, Marcus"]
[Black "Niklasch, Oliver"]
[Result "0-1"]
[WhiteElo "1873"]
[BlackElo "2363"]
[PlyCount "72"]
[EventDate "2000.12.26"]

1. d4 Nf6 2. c4 e6 3. Nf3 b6 4. g3 Ba6 5. Qa4 Be7 6. Bg2 O-O 7. O-O c6 8. Nc3
d5 9. cxd5 cxd5 10. Rd1 b5 11. Nxb5 Qe8 12. Nc3 Qxa4 13. Nxa4 Bxe2 14. Re1 Bb5
15. Nc3 Ba6 16. Bf1 Bxf1 17. Kxf1 Nc6 18. h3 Rfc8 19. Bf4 Na5 20. g4 Bb4 21.
Rec1 Nc4 22. Nd1 Ne4 23. Ke2 f6 24. a3 Bf8 25. g5 Re8 26. gxf6 gxf6 27. Rc2 e5
28. dxe5 fxe5 29. Bc1 Rab8 30. Ne3 Nxe3 31. fxe3 Bg7 32. Bd2 Rb7 33. Be1 d4 34.
exd4 exd4 35. Kd3 Rb3+ 36. Kc4 Rxf3 0-1

[Event "17. Int. Boeblinger Open"]
[Site "Boeblingen"]
[Date "2000.12.26"]
[Round "1"]
[White "Lomineishvili, Maia"]
[Black "Kolb, Roland"]
[Result "1-0"]
[WhiteElo "2412"]
[BlackElo "1889"]
[PlyCount "67"]
[EventDate "2000.12.26"]

1. d4 Nf6 2. c4 e6 3. Nc3 Bb4 4. Qc2 c5 5. dxc5 Bxc5 6. Nf3 O-O 7. Bg5 Nc6 8.
a3 b6 9. Rd1 h6 10. Bh4 Be7 11. e3 Nh5 12. Bxe7 Qxe7 13. Be2 Nf6 14. O-O Rd8
15. Ne4 d6 16. Nxf6+ Qxf6 17. Rd2 Bb7 18. Rfd1 Ne5 19. Nxe5 Qxe5 20. Rd4 Rac8
21. Qd2 Qg5 22. Bf1 Bf3 23. Rc1 d5 24. h4 Qg6 25. cxd5 exd5 26. Rc3 Be4 27. Qc1
Rxc3 28. Qxc3 Qf6 29. Qc7 Kh7 30. h5 Rd6 31. Bb5 a6 32. Be8 Qg5 33. Rxe4 Rd8
34. Re5 1-0

[Event "17. Int. Boeblinger Open"]
[Site "Boeblingen"]
[Date "2000.12.26"]
[Round "1"]
[White "Meijers, Viesturs"]
[Black "Zavialoff, Boris"]
[Result "1-0"]
[WhiteElo "2464"]
[BlackElo "1892"]
[PlyCount "72"]
[EventDate "2000.12.26"]

1. e4 c5 2. Nf3 e6 3. d4 cxd4 4. Nxd4 Nf6 5. Nc3 d6 6. Be3 a6 7. Qf3 Qc7 8.
O-O-O Nc6 9. h3 Rb8 10. g4 Ne5 11. Qe2 b5 12. f4 Nc4 13. g5 Nd7 14. h4 Ndb6 15.
Bf2 Be7 16. f5 e5 17. Nf3 Bd7 18. Nd2 Nxb2 19. Kxb2 Na4+ 20. Nxa4 bxa4+ 21. Nb3
axb3 22. axb3 a5 23. Rg1 Rc8 24. Rg3 f6 25. Be1 a4 26. Rc3 Qb8 27. Rxc8+ Qxc8
28. Qh5+ Kf8 29. gxf6 Bxf6 30. Bb4 Be7 31. Rxd6 Be8 32. Qg5 h6 33. Qd2 Qb8 34.
Bc4 axb3 35. cxb3 g6 36. Rf6+ Kg7 1-0

[Event "17. Int. Boeblinger Open"]
[Site "Boeblingen"]
[Date "2000.12.26"]
[Round "1"]
[White "Schaefer, Peter"]
[Black "Lindemann, Stefan"]
[Result "0-1"]
[WhiteElo "1867"]
[BlackElo "2348"]
[PlyCount "74"]
[EventDate "2000.12.26"]

1. e4 c5 2. f4 d5 3. Nc3 Nf6 4. e5 d4 5. exf6 dxc3 6. fxe7 cxd2+ 7. Qxd2 Qxd2+
8. Bxd2 Bxe7 9. Bc4 O-O 10. Nf3 Bf6 11. O-O-O Nd7 12. c3 Rb8 13. h3 b5 14. Bb3
Nb6 15. g4 g6 16. f5 gxf5 17. Bf4 Bb7 18. Rhf1 fxg4 19. hxg4 Rbc8 20. Rd6 Bg7
21. Ng5 h6 22. Nf3 Rfd8 23. Nh4 c4 24. Bc2 Nd5 25. Nf5 Nxf4 26. Rxf4 Kf8 27.
Rf2 Bd5 28. Rd2 Rxd6 29. Nxd6 Rc5 30. Nf5 Bf6 31. Kb1 Bg5 32. Rd1 Be6 33. Rd6
h5 34. Ra6 hxg4 35. Nd4 Re5 36. a4 g3 37. Nf3 g2 0-1

[Event "17. Int. Boeblinger Open"]
[Site "Boeblingen"]
[Date "2000.12.26"]
[Round "1"]
[White "Schlecht, Daniel"]
[Black "Trumm, Achim"]
[Result "1-0"]
[WhiteElo "2348"]
[BlackElo "1871"]
[PlyCount "85"]
[EventDate "2000.12.26"]

1. d4 d5 2. c4 c6 3. Nf3 a6 4. e3 Nf6 5. Bd3 b5 6. b3 Bg4 7. O-O Nbd7 8. Nbd2
e6 9. Bb2 Bd6 10. Qc2 Rc8 11. Rfc1 O-O 12. a4 bxc4 13. bxc4 Bb4 14. c5 a5 15.
Bc3 Rb8 16. Rcb1 Bxc3 17. Qxc3 Bxf3 18. gxf3 Qc7 19. f4 Ng4 20. h3 Nh6 21. Nb3
Ra8 22. Rb2 f6 23. Qc2 f5 24. Rab1 Rfb8 25. Nd2 Rxb2 26. Rxb2 g5 27. fxg5 Nf7
28. h4 Kh8 29. f4 Rb8 30. Rxb8+ Qxb8 31. Qc3 Qa7 32. Nb3 Nd8 33. Qxa5 Qb8 34.
Qc3 Qa7 35. a5 Kg7 36. Qb4 h6 37. a6 hxg5 38. hxg5 Kg6 39. Na5 Kg7 40. Nb7 Nxb7
41. Qxb7 Qxb7 42. axb7 Kg6 43. Be2 1-0

[Event "17. Int. Boeblinger Open"]
[Site "Boeblingen"]
[Date "2000.12.26"]
[Round "1"]
[White "Schmidt-Schaeffer, Sebastian"]
[Black "Franz, Michael"]
[Result "1-0"]
[WhiteElo "2314"]
[BlackElo "1856"]
[PlyCount "49"]
[EventDate "2000.12.26"]

1. e4 c5 2. Nf3 e6 3. d4 cxd4 4. Nxd4 Qb6 5. Nb3 Qc7 6. Nc3 Nc6 7. Be2 Nf6 8.
O-O a6 9. f4 d6 10. Be3 Be7 11. Bf3 Nd7 12. Qd2 O-O 13. Nd4 Na5 14. b3 Rb8 15.
Rad1 b6 16. Nce2 b5 17. Kh1 Bb7 18. e5 d5 19. Bg4 Nc5 20. f5 Bc8 21. Ng3 Rd8
22. f6 Bf8 23. Bg5 b4 24. fxg7 Be7 25. Qf4 1-0

[Event "17. Int. Boeblinger Open"]
[Site "Boeblingen"]
[Date "2000.12.26"]
[Round "1"]
[White "Schmittdiel, Eckhard"]
[Black "Stradinger, Michael"]
[Result "1-0"]
[WhiteElo "2498"]
[BlackElo "1903"]
[PlyCount "37"]
[EventDate "2000.12.26"]

1. e4 e6 2. d4 d5 3. Nc3 Nf6 4. e5 Nfd7 5. Nce2 c5 6. c3 Nc6 7. Nf3 Be7 8. g3
O-O 9. Bg2 f6 10. Nf4 Nb6 11. exf6 Rxf6 12. O-O cxd4 13. cxd4 Nc4 14. Re1 Qb6
15. Ng5 Bb4 16. Nxd5 Qd8 17. Qd3 Rf5 18. Nxb4 Nxb2 19. Qxf5 1-0

[Event "17. Int. Boeblinger Open"]
[Site "Boeblingen"]
[Date "2000.12.26"]
[Round "1"]
[White "Scholz, Christian"]
[Black "Eschle, Hubert"]
[Result "1-0"]
[WhiteElo "2324"]
[BlackElo "1860"]
[PlyCount "63"]
[EventDate "2000.12.26"]

1. d4 Nf6 2. c4 g6 3. Nc3 Bg7 4. e4 d6 5. Nf3 O-O 6. Be2 e5 7. d5 Nbd7 8. Bg5
h6 9. Bh4 a6 10. Nd2 Qe8 11. O-O g5 12. Bg3 Nxe4 13. Ndxe4 f5 14. c5 fxe4 15.
cxd6 cxd6 16. Nxe4 Qe7 17. Bd3 Nf6 18. f3 Rb8 19. Qb3 b5 20. Rfc1 g4 21. Bh4
gxf3 22. gxf3 Bh3 23. Kh1 Qf7 24. Bxf6 Bxf6 25. Rg1+ Kh8 26. Nxd6 Qh5 27. Bg6
Qh4 28. Nf7+ Rxf7 29. Bxf7 e4 30. Be6 Be5 31. Bxh3 Qxh3 32. f4 1-0

[Event "17. Int. Boeblinger Open"]
[Site "Boeblingen"]
[Date "2000.12.26"]
[Round "1"]
[White "Schwab, Patrick"]
[Black "Kalod, Radek"]
[Result "0-1"]
[WhiteElo "1895"]
[BlackElo "2466"]
[PlyCount "104"]
[EventDate "2000.12.26"]

1. e4 c5 2. Nf3 d6 3. d4 cxd4 4. Nxd4 Nf6 5. Nc3 a6 6. f3 e6 7. Be3 b5 8. Qd2
Bb7 9. O-O-O Nbd7 10. g4 Nb6 11. Qf2 Nfd7 12. Kb1 Rc8 13. h4 Rxc3 14. bxc3 Be7
15. g5 O-O 16. h5 Na4 17. Bd2 Bxg5 18. Rg1 Bf6 19. Qe3 Qc7 20. f4 Rc8 21. Rg3
b4 22. f5 Ndc5 23. Bd3 Nxc3+ 24. Bxc3 bxc3 25. Nb3 exf5 26. exf5 Nxd3 27. Qxd3
h6 28. Rg4 d5 29. Rdg1 Kf8 30. Qg3 Be5 31. Qd3 Re8 32. Re1 Qd6 33. Qe3 d4 34.
Qc1 Bf3 35. Rh4 Rb8 36. Rh3 Bg4 37. Rhh1 Bxf5 38. Rhf1 Bh7 39. Rf3 d3 40. cxd3
Bxd3+ 41. Rxd3 Qxd3+ 42. Qc2 Qxc2+ 43. Kxc2 Bf6 44. Re2 Rb5 45. Rh2 a5 46. Kd3
a4 47. Nc1 Rb2 48. Rc2 g6 49. hxg6 fxg6 50. Ne2 Rxc2 51. Kxc2 h5 52. Ng3 Kf7
0-1

[Event "17. Int. Boeblinger Open"]
[Site "Boeblingen"]
[Date "2000.12.26"]
[Round "1"]
[White "Ungerer, Markus"]
[Black "Luther, Thomas"]
[Result "0-1"]
[WhiteElo "1907"]
[BlackElo "2538"]
[PlyCount "43"]
[EventDate "2000.12.26"]

1. e4 c5 2. Nf3 Nc6 3. c3 d5 4. exd5 Qxd5 5. d4 e6 6. Be2 Nf6 7. O-O cxd4 8.
cxd4 Be7 9. Nc3 Qd6 10. g3 O-O 11. Bf4 Qd8 12. Qd2 b6 13. Rfd1 Nb4 14. Be5 Bb7
15. Rac1 Rc8 16. Nb5 Ne4 17. Qf4 Rxc1 18. Rxc1 Ng5 19. Kg2 Nxf3 20. Bxf3 Bg5
21. Qg4 Bxf3+ 22. Kxf3 0-1

[Event "17. Int. Boeblinger Open"]
[Site "Boeblingen"]
[Date "2000.12.26"]
[Round "1"]
[White "Werner, Clemens"]
[Black "Cosic, Dzafer"]
[Result "1-0"]
[WhiteElo "2347"]
[BlackElo "1866"]
[PlyCount "55"]
[EventDate "2000.12.26"]

1. e4 c5 2. Nf3 Nc6 3. c3 e5 4. Bc4 d6 5. O-O Be7 6. d4 cxd4 7. cxd4 exd4 8.
Nxd4 Nf6 9. Nc3 O-O 10. h3 Ne5 11. Bb3 Bd7 12. f4 Nc6 13. Nxc6 Bxc6 14. Qe2 Nd7
15. Be3 Qa5 16. Rad1 Nc5 17. Bxc5 Qxc5+ 18. Kh1 Rfe8 19. Nd5 Bxd5 20. Rxd5 Qc6
21. Qd1 Qb6 22. Qd3 Rac8 23. Rb5 Qc7 24. Qd5 b6 25. Qxf7+ Kh8 26. Rh5 h6 27.
Qg6 Bf6 28. Bf7 1-0

[Event "17. Int. Boeblinger Open"]
[Site "Boeblingen"]
[Date "2000.12.26"]
[Round "1"]
[White "Zschorsch, Peter"]
[Black "Gross, Stefan"]
[Result "0-1"]
[WhiteElo "1876"]
[BlackElo "2372"]
[PlyCount "80"]
[EventDate "2000.12.26"]

1. e4 Nf6 2. Nc3 Nc6 3. d4 d5 4. e5 Ne4 5. Nge2 f6 6. exf6 exf6 7. f3 Nxc3 8.
Nxc3 Be6 9. Bf4 Bd6 10. Qd2 O-O 11. Be2 Qd7 12. Bxd6 Qxd6 13. Nb5 Qe7 14. O-O
a6 15. Na3 Rfe8 16. Rfe1 Qf7 17. c3 Bf5 18. Bd3 Qg6 19. Bxf5 Qxf5 20. Rxe8+
Rxe8 21. Re1 Rxe1+ 22. Qxe1 Kf7 23. Kf2 Nd8 24. Qd2 h5 25. Nc2 Ne6 26. Ne3 Qg5
27. g3 h4 28. Qd3 hxg3+ 29. hxg3 Qh5 30. f4 c6 31. Qe2 Qh1 32. a3 g6 33. Nf1
Qh3 34. Qf3 Qf5 35. Ne3 Qb1 36. Qe2 Ng7 37. Kg2 f5 38. Qc2 Qe1 39. Qf2 Qc1 40.
Qc2 Qxe3 0-1